| 000 -GUIDE |
| Champ de contrôle de longueur fixe |
01053nam a22002537a 4500 |
| 003 - IDENTITÉ DU NUMÉRO DE CONTRÔLE |
| Champ de contrôle |
BI-BuBU |
| 008 - ÉLÉMENTS DE LONGUEUR FIXE - RENSEIGNEMENTS GÉNÉRAUX |
| Champ de contrôle de longueur fixe |
200827b1989 bd fr|||| 000 0 fre d |
| 037 ## - SOURCE D'ACQUISITION |
| Numéro d'inventaire |
134580 |
| Source d'acquisition et du numéro d'inventaire |
Don de l'auteur |
| 039 ## - NIVEAU DE CONTRÔLE BIBLIOGRAPHIQUE ET HISTORIQUE D'ENCODAGE [OBSOLETE] |
| Date creation |
20200827123821.0 |
| Nom catalographe |
Constance Niyimpa |
| 040 ## - SOURCE DU CATALOGAGE |
| Organisme qui a effectué le catalogage original |
BI-BuBU |
| Code de la langue utilisée dans le catalogage |
fre |
| Organisme qui a effectué la transcription |
BI-BuBU |
| 041 0# - CODE DE LANGUE |
| Code de langue du texte/de la piste sonore ou du titre distinct |
fre |
| 080 ## - INDICE DE LA CLASSIFICATION DÉCIMALE UNIVERSELLE (CDU) |
| Indice de la Classification décimale universelle |
658.115. |
| 100 1# - VEDETTE PRINCIPALE - NOM DE PERSONNE |
| Code de relation |
aut. |
| Nom de personne |
Butoyi, Appolinaire |
| 245 10 - MENTION DU TITRE |
| Titre |
Analyse économique d'une entreprise publique au Burundi |
| Reste du titre |
cas du complexe textile de Bujumbura (COTEBU) |
| Mention de responsabilité, etc. |
par Appolinaire Butoyi ; Lothar Caviezel, directeur |
| 260 ## - PUBLICATION, DIFFUSION, ETC. (ADRESSE BIBLIOGRAPHIQUE) |
| Lieu de publication, diffusion, etc. |
Bujumbura |
| Nom de l'éditeur, diffuseur, etc. |
Université du Burundi, Faculté des Sciences Economiques et Administratives |
| Date of publication, distribution, etc |
1989 |
| 300 ## - DESCRIPTION MATÉRIELLE |
| Collation |
141 f. |
| Dimensions |
30 cm. |
| 500 ## - NOTE GÉNÉRALE |
| Note générale |
Mémoire présenté en vue de l'obtention du grade de Licencié en Sciences Économiques et Administratives<br/>Option : Économie Politique |
| 650 ## - VEDETTE-MATIÈRE - NOM COMMUN |
| Source du terme |
BI-BuBU |
| 655 ## - TERME D'INDEXATION - GENRE OU FORME |
| Source du terme |
BI-BuBU |
| 700 1# - VEDETTE SECONDAIRE - NOM DE PERSONNE |
| Code de relation |
dir. |
| Nom d'auteur |
Caviezel, Lothar |
| 710 1# - VEDETTE SECONDAIRE - NOM DE COLLECTIVITÉ |
| Code de relation |
aut. |
| Nom de la collectivité ou nom de lieu comme élément de classement |
Université du Burundi |
| Collectivité subordonnée |
Faculté des Sciences Economiques et Administratives |
| 942 ## - ÉLÉMENTS D'ENTRÉE ADDITIONNELLE (KOHA) |
| Source de la classification ou du système de rangement |
|
| Type d item koha |
Memoire |